Movies Quiz

Random Movies or Letter Quiz
Score 0/18 Timer 04:00
12 Plays Today
Character % Correct
Simba
97.8%
Dumbo
97.7%
Goofy
97.3%
Bambi
96.4%
Ariel
96.1%
Belle
94.8%
Alice
91.8%
Jafar
84.6%
Tramp
82.4%
Character % Correct
Baloo
82%
Kanga
73.5%
Hades
71.5%
Wendy
69.6%
Tiana
63.4%
Mushu
56.1%
Pongo
55.4%
Kuzco
43%
Basil
27.8%

You're not logged in!

Compare scores with friends on all Sporcle quizzes.
OR
Log In

Sporcle TV

Today on Sporcle TV


Watch our educational content, quiz creation guides, and fun videos on Sporcle TV.

Show Comments

Extras

Top Quizzes Today


Score Distribution

Paid Content

Your Account Isn't Verified!

In order to create a playlist on Sporcle, you need to verify the email address you used during registration. Go to your Sporcle Settings to finish the process.

Report this User

Report this user for behavior that violates our Community Guidelines.

Details: